| 000 | 01317cam a2200217 4500 | ||
|---|---|---|---|
| 001 | L137037 | ||
| 008 | 070312s2006 xxk f 000 0 eng d | ||
| 035 | _a(Sirsi) u137037 | ||
| 041 | 0 | _aeng | |
| 050 | 0 | 4 | _a333.33 $2 18 |
| 110 | 2 |
_aSavills _92020 |
|
| 245 | 0 | 0 |
_aUK Residential Research Bulletin _bNo 54 _h[electronic resource] |
| 260 |
_aLondon _bSavills _c2006 |
||
| 490 | 0 |
_aSavills UK Residential Research Bulletin _v(54) May 2006 |
|
| 520 | _aRevises the Savills forecast for UK property market growth upwards from 0% to nearer 3% for 2006. Stable economic conditions, cheap fixed-rate debt, robust housing demand and stock scarcity have led to a more buoyant than expected housing market in the first part of the year. Price growth in 2006 will be led by prime markets in London and the South East. As a result, the gap between the South and North is set to start widening again. The forecast for prime central London value growth has been revised upwards - to +11% for 2006. | ||
| 650 | 2 | 4 | _aSAVILLS UK RESIDENTIAL RESEARCH BULLETIN |
| 651 | 4 |
_aUnited Kingdom _y |
|
| 690 | _aPROPERTY-RESIDENTIAL PROPERTY-RESIDENTIAL PROPERTY MARKET | ||
| 856 | 4 | 8 |
_uhttps://www.savills.co.uk/research/Report.aspx?nodeID=7055# _zView the bulletin free of charge (requires registration) at www.savills.co.uk |
| 942 | _n0 | ||
| 999 |
_c106613 _d106613 |
||